NBA Los Angeles Lakers by Year, 2000-2020 - Statistics

General Stats
  • This quiz has been taken 145 times
  • The average score is 18 of 22
Answer Stats
Year Question Answer % Correct
2003 The Lakers start off 3-9 because of an injury to this player Shaquille O’Neal
95%
2007 Kobe Bryant changes his jersey number from 8 to this 24
92%
2020 After trading for this superstar big, the Lakers win a championship Anthony Davis
92%
2004 These two Hall-of-Famers are signed to the team in hopes of winning a championship Karl Malone
92%
2019 The Lakers sign this superstar but still fail to make the playoffs Lebron James
92%
2008 The Lakers trade for this Spanish player mid-season Pau Gasol
90%
2005 This legendary coach is fired prior to this season only to come back the following year Phil Jackson
88%
2013 The Lakers acquire this all-star big man from Orlando Dwight Howard
87%
2017 The Lakers hire this Laker legend as their GM Magic Johnson
86%
2009 The Lakers win the Finals against this team Orlando Magic
84%
2018 The Lakers draft this fan-favorite point guard second overall Lonzo Ball
83%
2015 Kobe Bryant passes this NBA legend for the 3rd most points scored of all time Michael Jordan
82%
2000 The Lakers play their first season in this arena Staples Center
82%
2004 These two Hall-of-Famers are signed to the team in hopes of winning a championship Gary Payton
79%
2014 Kobe Bryant recovers from an injury to this tendon Achilles
76%
2002 The Lakers beat this team in the Finals to complete their second three-peat New Jersey Nets
76%
2010 This former defensive player of the year signs with the team Ron Artest
76%
2012 A trade that would send this all-star to the Lakers is vetoed Chris Paul
74%
2006 This Laker becomes the youngest player to play an NBA game Andrew Bynum
65%
2011 This Laker is awarded sixth man of the year Lamar Odom
65%
2016 The Lakers trade to get this former Pacer big man Roy Hibbert
59%
2001 This former all-star and champion power forward joins the Lakers Horace Grant
47%
No matching quizzes found
Score Distribution
Percent of People with Each Score
Percentile by Number Answered
Your Score History
You have not taken this quiz